Principles of European Contract Law: Parts i and ii (Record no. 6511)

MARC details
005 - DATE AND TIME OF LATEST TRANSACTION
control field 20250701115506.0
020 ## - INTERNATIONAL STANDARD BOOK NUMBER
International Standard Book Number 90-4118-847-9
082 ## - DEWEY DECIMAL CLASSIFICATION NUMBER
Classification number 346.02 LAN
245 ## - TITLE STATEMENT
Title Principles of European Contract Law: Parts i and ii
260 ## - PUBLICATION, DISTRIBUTION, ETC.
Place of publication, distribution, etc. London
Name of publisher, distributor, etc. Kluwer Law International
Date of publication, distribution, etc. 2000
300 ## - PHYSICAL DESCRIPTION
Extent xliii,561p.:
Other physical details Index
Dimensions 26cm
942 ## - ADDED ENTRY ELEMENTS (KOHA)
Source of classification or shelving scheme Dewey Decimal Classification
Koha item type Books
Holdings
Date last seen Total checkouts Full call number Barcode Cost, replacement price Price effective from Koha item type Lost status Source of classification or shelving scheme Damaged status Not for loan Withdrawn status Home library Current library Shelving location Date acquired Cost, normal purchase price
07/01/2025   346.02 LAN DOM0001743 75000.00 07/01/2025 Books   Dewey Decimal Classification       CBE Dodoma CBE Dodoma General Collection 02/04/2002 25000.00